Gravity Falls Quotes - Statistics

General Stats
  • This quiz has been taken 710 times
  • The average score is 10 of 13
Answer Stats
Hint Answer % Correct
"I decapitated Larry King." Dipper
92%
"I'm legalizing everything!" Mabel
92%
"When there's no cops around, anything's legal!" Stanley
88%
"Calendars,mugs,t-shirts, and more! They've got it all at the copier store! That's not their slogan...I really feel that way about the copier store." Soos
87%
"I can buy and sell you old man!" Gideon
85%
"Schembulock!" Schembulock
84%
"I can assure you if there's an owl in this bag, he's long dead." Stanford
84%
"It's funny how dumb you are." Bill Cipher
83%
"Can I pay you to pretend that never happened?" Pacifica
78%
"Razzle dazzle, my friends! It's me, the Razz Dazzler!" Toby
67%
"Get'em, Get'em!" Tyler
56%
"Love is real and it's in your face!" Love God`
55%
"Llamas are nature's greatest warriors." Wax Larry King
21%
No matching quizzes found
Score Distribution
Percent of People with Each Score
Percentile by Number Answered
Your Score History
You have not taken this quiz